Daʻwah in modern times / (Record no. 31522)

MARC details
000 -LEADER
fixed length control field 01098cam a2200337 a 4500
001 - CONTROL NUMBER
control field 12309520
003 - CONTROL NUMBER IDENTIFIER
control field BDDh-ASL
005 - DATE AND TIME OF LATEST TRANSACTION
control field 20231015031301.0
008 - FIXED-LENGTH DATA ELEMENTS--GENERAL INFORMATION
fixed length control field 001013r2000 pk b 000 0 eng
010 ## - LIBRARY OF CONGRESS CONTROL NUMBER
LC control number 00313924
025 ## - OVERSEAS ACQUISITION NUMBER
Overseas acquisition number P-E-00313924; 04
035 ## - SYSTEM CONTROL NUMBER
System control number (DLC) 00313924
040 ## - CATALOGING SOURCE
Original cataloging agency DLC
Transcribing agency BDDh-ASL
Modifying agency DLC
041 0# - LANGUAGE CODE
Language code of text/sound track or separate title engara
042 ## - AUTHENTICATION CODE
Authentication code lcode
050 00 - LIBRARY OF CONGRESS CALL NUMBER
Classification number BP170.85
Item number .S479 2000
082 00 - DEWEY DECIMAL CLASSIFICATION NUMBER
Classification number 297.74
Edition number 21
Item number SHD
100 1# - MAIN ENTRY--PERSONAL NAME
Personal name Shaikh, Khalid Mahmood.
245 10 - TITLE STATEMENT
Title Daʻwah in modern times /
Statement of responsibility, etc. Khalid Mahmood Shaikh.
260 ## - PUBLICATION, DISTRIBUTION, ETC.
Place of publication, distribution, etc. Karachi :
Name of publisher, distributor, etc. Royal Book Company,
Date of publication, distribution, etc. 2000.
300 ## - PHYSICAL DESCRIPTION
Extent 168 p. ;
Dimensions 23 cm.
504 ## - BIBLIOGRAPHY, ETC. NOTE
Bibliography, etc. note Includes bibliographical references (p. 164-168).
520 ## - SUMMARY, ETC.
Summary, etc. On Islam in the 21st century; articles previously published in various journals, dailies, etc.
546 ## - LANGUAGE NOTE
Language note Includes phrases in Arabic.
650 #0 - SUBJECT ADDED ENTRY--TOPICAL TERM
Topical term or geographic name entry element Daʻwah (Islam)
650 #0 - SUBJECT ADDED ENTRY--TOPICAL TERM
Topical term or geographic name entry element Islam
General subdivision Missions.
650 #0 - SUBJECT ADDED ENTRY--TOPICAL TERM
Topical term or geographic name entry element Islam
Chronological subdivision 20th century.
906 ## - LOCAL DATA ELEMENT F, LDF (RLIN)
a 7
b cbc
c origode
d 3
e ncip
f 20
g y-gencatlg
942 ## - ADDED ENTRY ELEMENTS (KOHA)
Source of classification or shelving scheme Dewey Decimal Classification
Koha item type Books
Holdings
Withdrawn status Lost status Source of classification or shelving scheme Damaged status Not for loan Collection code Home library Current library Shelving location Date acquired Source of acquisition Total Checkouts Full call number Barcode Date last seen Copy number Price effective from Koha item type Public note
    Dewey Decimal Classification     Non-fiction Asiatic Society Library Asiatic Society Library General Stacks 03/30/2023 Donated by Mr. Mofidul Hoque   297.74 SHD 120206 03/30/2023 C-1 03/30/2023 Books Y-2000

Powered by Koha